000 01316naa a22003257a 4500
001 BR8302418
003 BR-BrBNA
005 20240918175234.0
007 ta
008 230509b bl.||||| |||| 00| 0 por d
040 _aBR-BrBNA
_bpor
_cBiblioteca Nacional de Agricultura
041 _a(Pt)
072 _aL10
_b6100
090 _aL10 BR8302418
100 1 _aTorres, R. de A.
100 1 _aSilva, M. de A. e
100 1 _aTorres, J.R.
100 1 _aSoares, P.R.
100 1 _aFonseca, J.B.
111 1 _a8. Congresso Latino Americano de Avicultura; 8. Congresso Brasileiro de Avicultura
_cCamboriu, SC (Brazil)
_d12-15 Oct 1983
245 1 _aEstudo de caracteristicas produtivas de tres linhagens de poedeiras em cruzamentos dialelicos [galinha para postura, genetica animal]
260 3 _aCamboriu, SC (Brasil):
_c1983.
500 _aAnais do 8. Congresso Latino Americano de Avicultura e 8. Congresso Brasileiro de Avicultura Camboriu, SC (Brasil): 1983. p. 35-47 (BR8302418-AM)L10
650 _aGALINHA PARA POSTURA
650 _aLINHAGEM
650 _aCRUZAMENTO
773 0 _tAnais do 8. Congresso Latino Americano de Avicultura e 8. Congresso Brasileiro de Avicultura
_wL10 BR8302418
_gCamboriu, SC (Brasil), 1983. p. 35-47
909 _a202404
_bLucia
_c55
_dLucia Elande
942 _cAM
_2AGRIS
999 _c315821
_d315821